00309nam a2200121Ia 4500008004100000020001800041100001700059245004000076250000800116260004700124300000800171650000800179191201s2012 xx 000 0 und d a9789350971888 aASWATHAPPA,K 0aProduction and Operation Management aRep c2012bHimalaya Publication HouseaN. delhi a656 aMBA